000 00480nam a22001817a 4500
001 2928
003 BD-DhBUF
005 20251214150738.0
008 251214b bg ||||| |||| 00| 0 ben d
020 _a 1416502491
040 _aBD-DhBUF
_cBD-DhBUF
100 _aCovey, Stephen R.
_94263
245 _aThe 7 habits of highly effective people /
_cStephen R. Covey,
260 _aNew York :
_bPocket books,
_c2004.
300 _a372p. :
_c22cm. ;
526 _aAMM
942 _2ddc
_cBK
999 _c2928
_d2928